On This Day: October 20th II Quiz Stats

 Plays Quiz Updated Oct 20, 2018

Score 0/7 Timer 03:00
0 Plays Today
Question Answer Wrong Answers
Former First Lady ______ marries Greek shipping tycoon Aristotle Onassis.
1968
Jacqueline Kennedy
95.3%
Lady Bird Johnson
1.2%
Mamie Eisenhower
1.3%
Bess Truman
1%
A plane carrying this Southern rock band crashes, killing lead singer Ronnie Van Zant and guitarist Steve Gaines.
1977
Lynyrd Skynyrd
75.6%
ZZ Top
5.6%
Led Zeppelin
7.5%
Creedence Clearwater Revival
9.7%
This novel by J. R. R. Tolkien, the 3rd and final volume of ‘The Lord of the Rings’, is published in London.
1955
The Return of the King
75.2%
The Two Towers
7.9%
The Fellowship of the Ring
13%
The Battle of the Five Armies
2.8%
The Soviet Army and Yugoslav Partisans liberate this city, the capital of Yugoslavia, from axis control.
1944
Belgrade
73.8%
Bucharest
12.6%
Sofia
8.4%
Podgorica
4.8%
Governor Evelyn Baring declares a state of emergency in Kenya and begins arresting suspected leaders of the ______, including Jomo Kenyatta, the future first President of Kenya.
1952
Mau Mau Uprising
68.6%
Suez Crisis
4.8%
First Boer War
7.9%
Xhosa Wars
17.8%
American rapper and actor Calvin Broadus is born. He is better known by this stage name.
1971
Snoop Dogg
58%
Dr. Dre
13.4%
Eminem
9%
Ice Cube
18.1%
Chile and ______ sign the Treaty of Peace and Friendship, delimiting the border between the two countries.
1904
Bolivia
52.5%
Paraguay
14.2%
Colombia
9.4%
Brazil
23.9%

You're not logged in!

Compare scores with friends on all Sporcle quizzes.
OR
Log In

Sporcle TV

Today on Sporcle TV


Watch our educational content, quiz creation guides, and fun videos on Sporcle TV.

Show Comments

Extras

Top Quizzes Today


Score Distribution

Your Account Isn't Verified!

In order to create a playlist on Sporcle, you need to verify the email address you used during registration. Go to your Sporcle Settings to finish the process.

Report this User

Report this user for behavior that violates our Community Guidelines.

Details: